One Time Zone Countries - Sudden Death - Statistics

General Stats
  • This quiz has been taken 45 times
  • The average score is 4 of 15
Answers on the Grid
Answers color-coded by a green-red scale on the quiz's grid according to % correct below.
China
Chad
India
Algeria
Egypt
Iran
Afghanistan
Cyprus
Greece
North Korea
South Korea
Norway
Namibia
Pakistan
Thailand
Mongolia
Spain
France
Ecuador
Indonesia
Chile
Mexico
New Zealand
Denmark
Canada
Netherlands
USA
UK
Papua New Guinea
Portugal
 
Answer Stats
Answer % Correct
Cyprus
45%
China
41%
Namibia
38%
Chad
34%
North Korea
34%
Greece
31%
Iran
31%
Algeria
28%
Egypt
28%
South Korea
28%
Afghanistan
24%
Pakistan
24%
Thailand
24%
Norway
21%
India
7%
No matching quizzes found
Score Distribution
Percent of People with Each Score
Percentile by Number Answered
Your Score History
You have not taken this quiz